Sobrenomes mais populares nos países latinos - Statistics

Estatísticas Gerais
  • Esse quiz foi jogado 163 vezes
  • A pontuação média é 37 de 125
Estatísticas das Respostas
# Nomes % Correto
1 SIlva
97%
1 Silva
97%
2 Santos
77%
4 Souza
63%
3 Oliveira
58%
4 | 5 Pereira
52%
1 Martin
46%
1 | 2 | 4 | 5 Rodriguez
46%
5 Costa
45%
1 | 4 | 5 Hernandez
45%
3 | 4 Fernandez
40%
1 | 2 | 3 | 4 Martinez
35%
3 Ferreira
34%
3 | 4 Gomez
34%
1 | 2 | 3 | +2 others Lopez
33%
1 | 2 | 3 | +2 others Gonzalez
32%
2 | 3 | 5 Perez
31%
1 | 2 | 3 | +2 others Garcia
30%
2 | 3 Sanchez
21%
4 Diaz
17%
1 Rossi
16%
2 Flores
9%
3 Jimenez
9%
3 Ferrari
8%
2 | 5 Vargas
8%
4 Mora
7%
2 Benitez
5%
5 Gimenez
5%
2 Russo
5%
5 Durand
4%
4 Esposito
4%
5 Morales
4%
3 | 5 Castillo
3%
2 Muñoz
3%
1 | 3 Quispe
3%
5 Bianchi
2%
1 Mamani
2%
3 | 5 Rojas
2%
4 Choque
1%
2 Bernard
0%
3 Casadei
0%
1 Gasperoni
0%
5 Giardi
0%
2 Guidi
0%
4 Richard
0%
3 Robert
0%
5 Williams
0%
3 Zambrano
0%
4 Zanotti
0%
Nenhum quiz correspondente encontrado
Distribuição das Pontuações
Porcentagem de Pessoas com Cada Pontuação
Percentil de Números Respondidos
Sua Pontuação Histórica
Você não jogou esse quiz